| 000 | 00000nam 2200000za 4500 |
| 001 | 9.699739 |
| 003 | CaOODSP |
| 005 | 20241203113638 |
| 007 | cr ||||||||||| |
| 008 | 150407|2014||||xxc|||||o f|0| 0 eng d |
| 020 | |a978-1-100-24894-3 |
| 040 | |aCaOODSP|beng |
| 043 | |an-cn--- |
| 086 | 1 |aCW66-305/2014E-PDF |
| 110 | 1 |aCanada. |bEnvironment Canada. |
| 245 | 14|aThe Cap Tourmente National Wildlife Area - map of hiking trails |h[electronic resource] |
| 260 | |aOttawa - Ontario : |bEnvironment Canada |cc2014. |
| 300 | |a2p.|bmap, photographs |
| 590 | |a14-45|b2014-11-07 |
| 690 | 07|aHiking|2gcpds |
| 775 | 08|tRéserve nationale de faune du Cap Tourmente - carte des sentiers pédestres |w(CaOODSP)9.643714 |
| 776 | 0#|tThe Cap Tourmente National Wildlife Area - map of hiking trails |w(CaOODSP)9.630203 |
| 794 | |tThe Cap Tourmente National Wildlife Area |w(CaOODSP)9.831577 |
| 795 | |tThe Cap Tourmente National Wildlife Area - map of hiking trails |w(CaOODSP)9.695675 |
| 856 | 40|ahttp://publications.gc.ca|qPDF|s2.45 MB|uhttps://publications.gc.ca/collections/collection_2014/ec/CW66-305-2014-eng.pdf |